00946cam a22003014a 45000010005000000030006000050050017000110080041000280100017000690200036000860200018001220200033001400200025001730200022001980400023002200500016002430820011002591000020002702450074002902600041003643000048004054900021004535050007004745200094004815210018005755210018005936500033006114589FISKH20260327142847.0051102s2006 caua j 000 0 spa  a 2005031696 a9780811854948 (library edition) a9780618932870 a0811854949 (library edition) a9780811854955 (pbk.) a0811854957 (pbk.) aDLCcDLCdDLCbeng aQL638.S557  a597.3 1 aSimon, Seymour.10aIncredible Sharks /cSeymour Simon ; [translation by Elizabeth Bell]. aBoston : bHoughton Mifflin, c2003. a30 pages : bcolor illustrations ; c23 cm 1 aSee More readers aM  aAn introduction to the physical characteristics and behavior of various kinds of sharks. 8 a550 bLexile 8 aM bRaz-Plus  0aSharksvJuvenile literature.